| 000 | 00478nam a2200181 a 4500 | ||
|---|---|---|---|
| 001 | 6270 | ||
| 003 | CO-ViMGA | ||
| 008 | 141112s2004 ck r 000 u spa d | ||
| 040 |
_aCO-ViMGA _bspa _cCO-ViMGA |
||
| 082 | 0 | 4 | _a823.914 C417cu |
| 100 | 1 |
_aChase, James Hadley _94954 |
|
| 245 | 1 | 0 | _aLos culpables tienen miedo |
| 260 |
_aBuenos Aires : _bEmece, _c1991 |
||
| 300 | _a265 p | ||
| 490 | _aGrandes maestros del suspenso | ||
| 650 | 1 | 4 |
_aNOVELA INGLESA _94955 |
| 942 |
_2ddc _cBK |
||
| 999 |
_c18242 _d18242 |
||